01992cam a2200325 i 4500003000900000005001700009007000300026008004100029040003000070041000800100082001900108100005900127245008400186250002200270264006500292300002800357336002700385337003400412338002800446520085200474590002601326700003701352700004201389700004101431700004001472910001501512942001401527952010801541999001701649DO-SdBNP20260223073259.0ta751003s1944 ag 000 f spa d aDO-SdBNPbspacBNPHUerda aspa 4axxxbD724h222 aDostoievski, Fiórdor,d1821-1881eautor4aut.98445214aLos hermanos Karamazov :bnovelacFiórdor Dostoievski ; traducción, E. Miro asegunda edición 1aBuenos Aires, Argentina :bBiblioteca Mundial Sopena,c1944. a222 páginas ;c23 cm. atextobtxt2rdacontent asin mediación bn2rdamedia avolumenbnc2rdacarrier aEl discurso del gran inquisidor ocupa un lugar central en la arquitectura de la obra y el pensamiento de Fiódor Dostoievski, análogo al que ocupa El rey Lear en el universo de Shekespeare. El propósito y la fuerza poética de este texto son de tan múltiple riqueza y complejidad que puede interpretarse desde tantos puntos de vista diferentes como lectores tenga. En este memorable capítulo de Los hermanos Karamázov, que puede leerse con una obra filosófica completa en sí misma, Iván y Aliosha dialogan sobre la fe en Dios y la figura de Cristo, la libertad y la esclavitud del hombre, la compasión y la muerte. La presente edición se enmarca con una introducción de Antonio Lozano, la célebre interpretación de George Steiner en Tolstói o Dostoievski y comentarios al texto de Noam Chomsky y de Aldous Huzley.  aInventariado, 2026/BT1 aMiro, E.,etraductor4tr.9844361 aSteiner, George,ecomentarios 9260881 aHuxley, Aldous,ecomentarios 9844531 aChomsky, Noam,ecomentarios 944916 aBtavárez 2ddccLBS1 00102ddc56708GRaBNPHUbBNPHUcCTd2026-02-23l0oBNPHU GRp2026-1486r2026-02-23w2026-02-23yLBS1 c60382d60382